000 01146nam a2200289 i 4500
001 93413
003 ES-MaACL
005 20250624062856.0
007 t|
008 050526s1962 sp ||||1| spa d
080 _a75 Gran, Enrique (083.82)
100 1 _aGran, Enrique.
_959548
245 1 0 _aGran
_b: [exposición, Sala del Prado del Ateneo de Madrid, 12-31 de diciembre de 1962] /
_c[Texto: José Hierro].
260 _a[Madrid :
_bs.n.,
_c1962] (
_fImprenta Nacional del Boletín Oficial del Estado)
300 _a[32] p. :
_bprincipalmente il. n. ;
_c21 cm.
490 1 _aCuadernos de arte. Colección ordinaria ;
_v101
600 1 4 _aGran, Enrique-
_vExposiciones.
_959549
610 2 7 _aAteneo de Madrid-
_vExposiciones-
_y1960-1969.
_91920
655 7 _2tgfbne
_9193628
_aCatálogos de exposiciones
700 1 _aHierro, José,
_d1922-2002
_963619
710 2 _aAteneo de Madrid.
_bSala del Prado.
_91965
830 0 _aCuadernos de arte. Colección ordinaria
_v101
_9180064
852 _aES-MaACL
_j2193-F-3
_996847
_bR.136104
_cDEPOF
852 _aES-MaACL
_jG-13300(6).
942 _2udc
_cFOLLETOS
999 _c93413
_d93413